[Event "AUTO-MASTER-163"]
[Site "http://www.queenalice.com/game.php?id=77736"]
[Date "2006.6.18"]
[Round "1"]
[White "joaoreis001"]
[Black "Rumel"]
[Result "1-0"]
[WhiteElo "1700"]
[BlackElo "1720"]

1. Nf3 d5 2. g3 c5 3. d3 Nc6 4. Bf4 Bf5 5. Nc3 e6 6. Bg2 a6 7. O-O f6 8. e4 dxe4
9. dxe4 Bg4 10. h3 Bh5 11. g4 Bg6 12. Na4 Bxe4 13. Qe2 f5 14. Bg5 Be7 15. Nxc5
Bxf3 16. Bxf3 Bxg5 17. Nxb7 Qc7 18. Qxe6+ Be7 19. Bxc6+ Kf8 20. Qxf5+ Nf6 21.
Qf3 Kg8 22. g5 Rc8 23. gxf6 Bxf6 24. Qd5+ Kf8 25. Qc5+ Be7 26. Qf5+ Bf6 27. Bd7
Rb8 28. Nc5 Rb6 29. Ne6+ Rxe6 30. Qxe6 1-0

[Event "AUTO-MASTER-163"]
[Site "http://www.queenalice.com/game.php?id=77737"]
[Date "2006.6.18"]
[Round "1"]
[White "Rumel"]
[Black "joaoreis001"]
[Result "1-0"]
[WhiteElo "1727"]
[BlackElo "1605"]

1. e4 e5 2. f4 Nc6 3. Nf3 exf4 4. Bc4 Bc5 5. c3 Nf6 6. d4 Bb6 7. Bxf4 Nxe4 8.
Nbd2 d5 9. Bb5 Bd7 10. O-O O-O 11. Qc2 Nb4 12. Qa4 c6 13. Qxb4 a5 14. Qb3 cxb5
15. Qxd5 Bc6 16. Qh5 Nf6 17. Qg5 Qd5 18. Be5 Bd8 19. Nh4 Ne4 20. Qxg7# 1-0

[Event "AUTO-MASTER-163"]
[Site "http://www.queenalice.com/game.php?id=77748"]
[Date "2006.6.18"]
[Round "1"]
[White "charles31"]
[Black "Rumel"]
[Result "1-0"]
[WhiteElo "1644"]
[BlackElo "1643"]

1. e4 e5 2. Nf3 Nc6 3. d4 d6 4. d5 Nce7 5. Nc3 Bd7 6. Be3 h6 7. Bd3 c6 8. b4 Ng6
9. a3 Nf6 10. O-O Bg4 11. Be2 Bxf3 12. Bxf3 Be7 13. Qe2 Qc7 14. Qc4 a6 15. Na4
b5 16. Qxc6+ Qxc6 17. dxc6 Rc8 18. Nb2 Rxc6 19. Rac1 O-O 20. c4 bxc4 21. Rc3
Rfc8 22. a4 Nf8 23. Rfc1 Ne6 24. b5 axb5 25. axb5 R6c7 26. Nxc4 Rb7 27. Nxd6
Rxc3 28. Nxb7 Rxc1+ 29. Bxc1 Nc5 30. Na5 Nfxe4 31. Bxe4 1-0

[Event "AUTO-MASTER-163"]
[Site "http://www.queenalice.com/game.php?id=77749"]
[Date "2006.6.18"]
[Round "1"]
[White "Rumel"]
[Black "charles31"]
[Result "1-0"]
[WhiteElo "1629"]
[BlackElo "1591"]

1. e4 e5 2. f4 exf4 3. Nf3 h6 4. Bc4 d6 5. O-O g5 6. Nc3 Be6 7. Bxe6 fxe6 8. d4
c6 9. h3 Qb6 10. Nh2 e5 11. Na4 Qxd4+ 12. Qxd4 b5 13. Qc3 bxa4 14. Qc4 Be7 15.
Ng4 Bd8 16. Qe6+ Be7 17. Qc8+ Kf7 18. Qb7 Nf6 19. Nxf6 Na6 20. Qxa6 Kxf6 21.
Qxa4 Rhc8 22. c4 c5 23. Qd7 a5 24. Qf5+ Kg7 25. Bd2 Rf8 26. Qe6 a4 27. Qxe7+ 1-0

[Event "Challenge"]
[Site "http://www.queenalice.com/game.php?id=93293"]
[Date "2006.8.6"]
[Round "-"]
[White "MAGALINGsaROMANSAngChicks"]
[Black "Rumel"]
[Result "1/2-1/2"]
[WhiteElo "1833"]
[BlackElo "1742"]

1. e4 e5 2. Nf3 Nc6 3. Bc4 Bc5 4. c3 Nf6 5. d4 exd4 6. cxd4 Bb4+ 7. Bd2 Bxd2+ 8.
Nbxd2 O-O 9. O-O d6 10. Re1 Bg4 1/2-1/2

[Event "sáo paulo"]
[Site "http://www.queenalice.com/game.php?id=114004"]
[Date "2006.10.6"]
[Round "-"]
[White "valdir"]
[Black "Rumel"]
[Result "1-0"]
[WhiteElo "1836"]
[BlackElo "1743"]

1. b3 e6 2. e4 d5 3. exd5 exd5 4. Bb2 Bf5 5. Qe2+ Qe7 6. d3 Nd7 7. Qxe7+ Nxe7 8.
Nc3 a6 9. Nge2 d4 10. Nxd4 O-O-O 11. Be2 Ne5 12. Nd1 N7c6 13. Nxf5 f6 14. Bxe5
Nxe5 15. O-O g6 16. Ng3 Bd6 17. Ne4 f5 18. Ng5 h6 19. Nh3 g5 20. Kh1 Rdg8 21. g3
h5 22. f4 gxf4 23. gxf4 Ng4 24. a3 Bc5 25. b4 Bd4 26. c3 Be3 27. Bxg4 hxg4 28.
Nxe3 Rxh3 29. Nxf5 Kb8 30. Rg1 Rxd3 31. Nh6 Rh8 32. Nxg4 Rxc3 33. Ne5 Re3 34.
Rg2 Rhh3 35. a4 Re4 36. b5 a5 37. Nd7+ Ka7 38. Rf2 Rh4 39. f5 Rd4 40. Nc5 b6 41.
Ne6 Rc4 42. f6 1-0

[Event "AUTO-MASTER-163"]
[Site "http://www.queenalice.com/game.php?id=118606"]
[Date "2006.10.18"]
[Round "2"]
[White "pedone"]
[Black "Rumel"]
[Result "0-1"]
[WhiteElo "1796"]
[BlackElo "1724"]

1. e4 e6 2. Nf3 d6 3. Bc4 Be7 4. c3 Bd7 5. d4 h6 6. Qb3 b6 7. O-O c6 8. e5 d5 9.
Be2 c5 10. c4 cxd4 11. Nxd4 Nc6 12. Nxc6 Bxc6 13. Qg3 g5 14. cxd5 Qxd5 15. Nc3
Qd7 16. Rd1 Qb7 17. a3 Rd8 18. b4 f5 19. b5 Rxd1+ 20. Nxd1 Bd5 21. a4 f4 22. Qh3
Bc5 23. Bf3 Ne7 24. Bxd5 Qxd5 25. Qh5+ Kd8 26. Bb2 Qd2 27. Qf3 Qe1# 0-1

[Event "AUTO-MASTER-163"]
[Site "http://www.queenalice.com/game.php?id=118607"]
[Date "2006.10.18"]
[Round "2"]
[White "Rumel"]
[Black "pedone"]
[Result "1-0"]
[WhiteElo "1731"]
[BlackElo "1686"]

1. d4 d5 2. Nf3 c6 3. e3 Bg4 4. h3 Bxf3 5. Qxf3 e6 6. c4 Nf6 7. Nc3 Bb4 8. Bd2
Nbd7 9. Bd3 e5 10. Qg3 exd4 11. exd4 O-O 12. O-O Nh5 13. Qg4 Ndf6 14. Qf5 Bd6
15. g4 g6 16. Qf3 Ng7 17. Rae1 Ne6 18. Re2 Nxd4 19. Qe3 Nxe2+ 20. Bxe2 Re8 21.
Qh6 Ne4 22. Nxe4 dxe4 23. a3 Bf8 24. Qe3 Bg7 25. Bc3 b6 26. Rd1 Qh4 27. Rd7 Re7
28. Rd1 c5 29. Bf1 Re6 30. Bg2 Qe7 31. Re1 Re8 32. Kf1 Bxc3 33. bxc3 a5 34. Rd1
Kg7 35. g5 f5 36. h4 Rd8 37. Rd5 Re5 38. Qd2 Rexd5 39. cxd5 b5 40. Kg1 b4 41.
axb4 cxb4 42. Qd4+ Kg8 43. cxb4 1-0

[Event "Challenge"]
[Site "http://www.queenalice.com/game.php?id=119497"]
[Date "2006.10.21"]
[Round "-"]
[White "ENDHER"]
[Black "Rumel"]
[Result "1-0"]
[WhiteElo "2168"]
[BlackElo "1726"]

1. e4 c5 2. Nf3 d6 3. Bc4 Nc6 4. c3 g6 5. O-O Nf6 6. d3 Bg4 7. h3 Bd7 8. Qb3 e6
9. Bg5 Na5 10. Qc2 Nxc4 11. dxc4 Be7 12. e5 Nh5 13. Bxe7 Qxe7 14. Rd1 dxe5 15.
Nxe5 Nf6 16. Rd3 O-O 17. Nd2 Rac8 18. Ne4 Bc6 19. Nd6 Rc7 20. Rad1 Nh5 21. Qd2
Qf6 22. Nxc6 bxc6 23. Ne4 Qf4 24. Qxf4 Nxf4 25. Rd6 Kg7 26. Nxc5 e5 27. g3 Nxh3+
28. Kg2 Ng5 29. f4 exf4 30. gxf4 Ne6 31. Rxe6 fxe6 32. Nxe6+ Kg8 33. Nxc7 Rxf4
34. Rd8+ Kg7 35. Ne6+ 1-0

[Event "Challenge"]
[Site "http://www.queenalice.com/game.php?id=119498"]
[Date "2006.10.21"]
[Round "-"]
[White "Rumel"]
[Black "ENDHER"]
[Result "0-1"]
[WhiteElo "1728"]
[BlackElo "2167"]

1. e4 e5 2. Nf3 Nc6 3. Bc4 Nf6 4. Nc3 h6 5. O-O Bc5 6. d3 O-O 7. h3 d6 8. a3 Re8
9. Be3 Bxe3 10. fxe3 Be6 11. Bxe6 fxe6 12. Qd2 Rf8 13. Nh2 Qe8 14. Qe2 Qg6 15.
Rf3 Rf7 16. Raf1 Raf8 17. b4 a6 18. Nd1 d5 19. exd5 exd5 20. Nf2 h5 21. Nh1 e4
22. Rf4 Ne5 23. Rf5 Nf3+ 24. R5xf3 exf3 25. Nxf3 Nd7 26. d4 Rf6 27. Kh2 Rc6 28.
Nf2 Rxc2 29. Qd3 Qxd3 30. Nxd3 c6 31. Ra1 Rxf3 0-1

[Event "PHI X BRA"]
[Site "http://www.queenalice.com/game.php?id=125541"]
[Date "2006.11.5"]
[Round "-"]
[White "Rumel"]
[Black "mauricio_sm"]
[Result "1-0"]
[WhiteElo "1745"]
[BlackElo "1733"]

1. e4 e5 2. Nf3 d6 3. Bc4 h6 4. d4 exd4 5. Nxd4 Nf6 6. Nc3 c5 7. Nf3 Bg4 8. O-O
Nc6 9. h3 Bxf3 10. Qxf3 Nd4 11. Qd3 g6 12. Bb5+ Nd7 13. f4 Bg7 14. f5 a6 15.
Bxd7+ Qxd7 16. Nd5 O-O 17. f6 Bh8 18. Bxh6 Rfe8 19. c3 Ne6 20. Nb6 Qc6 21. Nxa8
Rxa8 22. Rad1 Rd8 23. Be3 c4 24. Qc2 d5 25. e5 Qc7 26. Rf3 Nc5 27. Bxc5 Qxc5+
28. Kh1 Re8 29. Qe2 Qc6 30. Rf4 Bxf6 31. Rxf6 Qxf6 32. Rxd5 Qc6 33. Qd2 Kg7 34.
Qd4 Re7 35. e6+ Kf8 36. Qh8# 1-0

[Event "sáo paulo"]
[Site "http://www.queenalice.com/game.php?id=143555"]
[Date "2006.12.19"]
[Round "-"]
[White "val_si"]
[Black "Rumel"]
[Result "1-0"]
[WhiteElo "1706"]
[BlackElo "1706"]

1. e4 c5 2. Bc4 d6 3. b3 Nc6 4. Bb2 e6 5. Nf3 Nf6 6. Qe2 Bd7 7. e5 dxe5 8. Nxe5
Bd6 9. Nxc6 Bxc6 10. O-O Qc7 11. g3 h5 12. Bxf6 gxf6 13. Qe3 h4 14. f4 O-O-O 15.
Kf2 Rdg8 16. Rg1 hxg3+ 17. hxg3 Rh2+ 18. Kf1 b5 19. Be2 b4 20. Bf3 Qb7 21. Bxc6
Qxc6 22. d3 Rxc2 23. Nd2 1-0

[Event "AUTO-ADV-426"]
[Site "http://www.queenalice.com/game.php?id=177008"]
[Date "2007.3.4"]
[Round "1"]
[White "tesselizaga"]
[Black "Rumel"]
[Result "1-0"]
[WhiteElo "1818"]
[BlackElo "1690"]

1. e4 e5 2. Nf3 Nc6 3. Bc4 Nf6 4. O-O Nxe4 5. Re1 Nd6 6. Nxe5 Nxe5 7. Rxe5+ Be7
8. Qe2 Nxc4 9. Qxc4 d6 10. Re1 Be6 11. Qb5+ Bd7 12. Qxb7 O-O 13. d3 Bf6 14. Be3
c5 15. c3 h6 16. Nd2 Re8 17. Rab1 Bf5 18. Nc4 d5 19. Nd2 Bxd3 20. Rbc1 c4 21.
Nf3 Re7 22. Qc6 Rc8 23. Qa4 Be4 24. Qd1 Qd6 25. Nd4 Bxd4 26. Bxd4 Rce8 27. Qg4
f6 28. Re2 1-0

[Event "AUTO-ADV-426"]
[Site "http://www.queenalice.com/game.php?id=177009"]
[Date "2007.3.4"]
[Round "1"]
[White "Rumel"]
[Black "tesselizaga"]
[Result "0-1"]
[WhiteElo "1679"]
[BlackElo "1829"]

1. e4 c5 2. d4 cxd4 3. Nf3 Nc6 4. Nxd4 e6 5. Bc4 Bc5 6. Be3 Qf6 7. c3 a6 8. a4
Nge7 9. O-O O-O 10. Qe2 d5 11. Bd3 Bd7 12. Nxc6 Bxe3 13. Nxe7+ Qxe7 14. Qxe3 Bc6
15. Nd2 Rfd8 16. e5 h6 17. Nf3 Rac8 18. Bc2 Be8 19. Qd3 g6 20. Nd4 Rc4 21. b3
Rc7 22. Rac1 Rdc8 23. Bb1 Qg5 24. f4 Qe7 25. g4 Bd7 26. Qh3 Be8 27. f5 Qg5 0-1